书目信息 |
| 题名: |
大学英语四级最新词汇手册
|
|
| 作者: | 刘雪梅 主编 | |
| 分册: | ||
| 出版信息: | 武汉 武汉大学出版社 1994.11 |
|
| 页数: | 598页 | |
| 开本: | 32开 | |
| 丛书名: | ||
| 单 册: | ||
| 中图分类: | H313-62 | |
| 科图分类: | ||
| 主题词: | 英语 | |
| 电子资源: | ||
| ISBN: | 7-307-01539-0 | |
| 000 | 00573nam0 2200193 45 | |
| 001 | 0010131503 | |
| 005 | 20001013155727.8 | |
| 010 | @a7-307-01539-0@d18.00元 | |
| 100 | @a20001013d1994 km y0chiy0120 ea | |
| 101 | 0 | @achi |
| 105 | @a z 000yy | |
| 200 | 1 | @a大学英语四级最新词汇手册@ADa Xue Ying Yu Si Ji Zui Xin Ci Hui Shou Ce@f刘雪梅主编@FLiu Xue Mei Zhu Bian |
| 210 | @a武汉@c武汉大学出版社@d1994.11 | |
| 215 | @a598页@d32开 | |
| 606 | 0 | @a英语 |
| 690 | @aH313-62@v3 | |
| 701 | 0 | @a刘雪梅@4主编 |
| 801 | @aCN@bPftUser@c20001013 | |
| 905 | @b65519-523@dH313-62@eL516@f5 | |
| 大学英语四级最新词汇手册/刘雪梅主编.-武汉:武汉大学出版社,1994.11 |
| 598页;32开 |
| ISBN 7-307-01539-0:18.00元 |
| ● |
| 相关链接 |
|
|
|
正题名:大学英语四级最新词汇手册
索取号:H313-62/L516
 
预约/预借
| 序号 | 登录号 | 条形码 | 馆藏地/架位号 | 状态 | 备注 |
| 1 | 65519 | 200655193 | 语言库209/ [索取号:H313-62/L516] | 在馆 | |
| 2 | 65520 | 200655200 | 自科二线504/504自科库 28排2列4层/ [索取号:H313-62/L516] | 在馆 | |
| 3 | 65521 | 200655219 | 语言库209/ [索取号:H313-62/L516] | 在馆 | |
| 4 | 65522 | 200655228 | 语言库209/ [索取号:H313-62/L516] | 在馆 | |
| 5 | 65523 | 200655237 | 自科二线504/504自科库 28排1列3层/ [索取号:H313-62/L516] | 在馆 |